Monumentos históricos del municipio Flavio Malacitano / (Record no. 163763)

MARC details
000 -LEADER
campo de control de longitud fija 01058nam a2200241 i 4500
001 - NÚMERO DE CONTROL
campo de control 163763
003 - IDENTIFICADOR DE NÚMERO DE CONTROL
campo de control ES-MaACL
005 - FECHA Y HORA DE LA ÚLTIMA TRANSACCIÓN
campo de control 20250713063724.0
008 - DATOS DE LONGITUD FIJA--INFORMACIÓN GENERAL
campo de control de longitud fija 940301s1864 sp ae |||| | spa d
040 ## - FUENTE DE CATALOGACIÓN
Centro catalogador/agencia de origen AS
Lengua de catalogación spa
Centro/agencia modificador CCPB
100 1# - ENTRADA PRINCIPAL--NOMBRE DE PERSONA
Nombre de persona Rodríguez de Berlanga, Manuel,
Fechas asociadas al nombre 1825-1909
9 (RLIN) 98441
245 10 - MENCIÓN DEL TÍTULO
Título Monumentos históricos del municipio Flavio Malacitano /
Mención de responsabilidad, etc. que ha ordenado Manuel Rodríguez de Berlanga.
260 ## - PUBLICACIÓN, DISTRIBUCIÓN, ETC.
Lugar de publicación, distribución, etc. Malaga :
Nombre del editor, distribuidor, etc. Imprenta y Librería de José Martinez de Aguilar hoy del Avisador Malagueño,
Fecha de publicación, distribución, etc. 1864.
300 ## - DESCRIPCIÓN FÍSICA
Extensión XI, 574 p., [1] h. de plan., [1] h. de grab., [3] h. de grab. pleg., [2] h. pleg. ;
Dimensiones 26 cm.
594 ## - Nota al título y mención de responsabilidad
Nota al título y mención de responsabilidad Algunos textos en latín, francés, inglés y alemán.
597 ## - NOTA DE DESCRIPCIÓN FÍSICA
NOTA DE DESCRIPCIÓN FÍSICA Port.a dos tintas.
599 ## - NOTA A LAS ILUSTRACIONES
NOTA A LAS ILUSTRACIONES Plano de Málaga realizado en 1791 por José Carrión de Mula.
630 04 - PUNTO DE ACCESO ADICIONAL DE MATERIA--TÍTULO UNIFORME
Título uniforme Lex Flavia Malacitana.
9 (RLIN) 160632
650 #4 - PUNTO DE ACCESO ADICIONAL DE MATERIA--TÉRMINO DE MATERIA
Término de materia o nombre geográfico como elemento de entrada Inscripciones latinas-
Subdivisión geográfica Málaga.
9 (RLIN) 136293
651 #4 - PUNTO DE ACCESO ADICIONAL DE MATERIA--NOMBRE GEOGRÁFICO
Nombre geográfico Málaga-
Subdivisión general Restos arqueológicos.
9 (RLIN) 137272
852 ## - LOCALIZACIÓN
Ubicación ES-MaACL
Número de control de estantería F-9379
Nota libre -- Enc. pasta
Holdings
Estatus retirado Estado de pérdida Estado de daño No para préstamo Colección Biblioteca de origen Biblioteca actual Ubicación en estantería Fecha de adquisición Fuente de adquisición Total de préstamos Signatura topográfica completa Código de barras Visto por última vez Precio de reemplazo Tipo de ítem Koha
        Libros del s. XIX Biblioteca del Ateneo de Madrid Biblioteca del Ateneo de Madrid Sala Pecera Planta 2 17/01/2008     F-9379 1171620 23/02/2023 23/02/2023 Libro impreso antiguo